[Event "Alzira op"]
[Site "Alzira"]
[Date "2018.05.18"]
[Round "4.5"]
[White "Puig Perez, Jordi"]
[Black "Mari Pons, Enrique"]
[Result "1-0"]
[WhiteElo "1491"]
[BlackElo "1675"]
[PlyCount "103"]
[EventDate "2018.04.28"]
[EventType "swiss"]
[EventRounds "7"]
[EventCountry "ESP"]
[SourceTitle "EXT 2024"]
[Source "ChessBase"]
[SourceDate "2023.10.10"]
[SourceVersion "1"]
[SourceVersionDate "2023.10.10"]
[SourceQuality "1"]

1. e4 c5 2. Nf3 d6 3. d4 cxd4 4. Nxd4 Nf6 5. Nc3 g6 6. Bc4 a6 7. 0-0 Bg7 8. Bg5 Qc7 9. Bb3 Nbd7 10. Re1 e6 11. a3 0-0 12. Qd2 Ng4 13. h3 Nge5 14. Bxe6 Nc4 15. Bxc4 Qxc4 16. Rad1 Nf6 17. Qf4 Nh5 18. Qxd6 h6 19. Be3 Be6 20. Nde2 Nf6 21. Ng3 Rfe8 22. Qc5 Rac8 23. Qxc4 Rxc4 24. Rd2 Nd7 25. Nge2 Ne5 26. Red1 Kf8 27. Nd4 Bxh3 28. gxh3 Rxd4 29. Bxd4 Nf3+ 30. Kg2 Nxd2 31. Bxg7+ Kxg7 32. Rxd2 Re6 33. Rd4 Kf6 34. f4 b5 35. Nd5+ Kg7 36. Kf3 Rc6 37. c3 f6 38. Nb4 Re6 39. Rd7+ Kf8 40. Ra7 Ke8 41. Rxa6 Rxa6 42. Nxa6 Kd7 43. Nb4 Kd6 44. Ke3 g5 45. fxg5 hxg5 46. Kd4 Ke6 47. Nd3 Kd6 48. e5+ fxe5+ 49. Nxe5 Ke6 50. Ke4 Kf6 51. Nc6 Ke6 52. Na7 1-0

[Event "Alzira op"]
[Site "Alzira"]
[Date "2018.04.28"]
[Round "1.8"]
[White "Barberan Perez, Guillermo"]
[Black "Puig Perez, Jordi"]
[Result "1-0"]
[WhiteElo "1900"]
[BlackElo "1491"]
[PlyCount "35"]
[EventDate "2018.04.28"]
[EventType "swiss"]
[EventRounds "7"]
[EventCountry "ESP"]
[SourceTitle "EXT 2024"]
[Source "ChessBase"]
[SourceDate "2023.10.10"]
[SourceVersion "1"]
[SourceVersionDate "2023.10.10"]
[SourceQuality "1"]

1. e4 e5 2. Nf3 Nc6 3. Bc4 Bc5 4. b4 Bxb4 5. c3 Bc5 6. d4 exd4 7. 0-0 Nge7 8. cxd4 Bb6 9. Ng5 d5 10. exd5 Bxd4 11. dxc6 0-0 12. Qh5 Bf5 13. Nxf7 Qb8 14. cxb7 Bxa1 15. Ba3 Bf6 16. bxa8Q Qxa8 17. Bxe7 Bg6 18. Ne5+ 1-0

[Event "Xativa Social Club"]
[Site "Xativa"]
[Date "2017.05.20"]
[Round "4.4"]
[White "Puig Perez, Jordi"]
[Black "Lopez Sardinas, Alexis Adalberto"]
[Result "1/2-1/2"]
[WhiteElo "1415"]
[BlackElo "1037"]
[PlyCount "84"]
[EventDate "2017.04.29"]
[EventType "swiss"]
[EventRounds "7"]
[EventCountry "ESP"]
[SourceTitle "EXT 2024"]
[Source "ChessBase"]
[SourceDate "2023.10.10"]
[SourceVersion "1"]
[SourceVersionDate "2023.10.10"]
[SourceQuality "1"]

1. e4 e6 2. d3 d5 3. Nd2 Ne7 4. Ngf3 c5 5. g3 Nbc6 6. Bg2 Bd7 7. 0-0 Qb6 8. Re1 0-0-0 9. c3 Ng6 10. Nb3 Be7 11. Be3 dxe4 12. dxe4 Na5 13. Nxa5 Qxa5 14. Qc2 Bc6 15. Bd2 Rd7 16. a3 Rhd8 17. Bf1 Qc7 18. b4 cxb4 19. cxb4 b6 20. Ba6+ Bb7 21. Bxb7+ Kxb7 22. Rac1 h6 23. Qxc7+ Rxc7 24. Rxc7+ Kxc7 25. Rc1+ Kb7 26. Be3 Bf6 27. Rc2 Ne5 28. Nxe5 Bxe5 29. f4 Bd4 30. Kf2 Bxe3+ 31. Kxe3 Rd6 32. Rd2 Rxd2 33. Kxd2 Kc6 34. Kc3 f6 35. h4 b5 36. Kd4 Kd6 37. Kd3 e5 38. f5 a6 39. Kc3 Kc6 40. Kb3 Kb6 41. g4 Kc6 42. a4 Kd6 1/2-1/2

[Event "Sueca op 1st"]
[Site "Sueca"]
[Date "2015.07.31"]
[Round "5"]
[White "Puig Perez, Jordi"]
[Black "Jimenez Hernandez, Jose"]
[Result "1-0"]
[WhiteElo "1360"]
[BlackElo "1335"]
[PlyCount "62"]
[EventDate "2015.07.27"]
[EventType "swiss"]
[EventRounds "8"]
[EventCountry "ESP"]
[SourceTitle "EXT 2016"]
[Source "ChessBase"]
[SourceDate "2015.10.08"]
[SourceVersion "1"]
[SourceVersionDate "2015.10.08"]
[SourceQuality "1"]

1. e4 e5 2. Nf3 Nc6 3. Bc4 Nf6 4. Ng5 d5 5. exd5 Na5 6. Bb5+ c6 7. dxc6 bxc6 8. Ba4 Qd4 9. Bb3 Nxb3 10. axb3 Bc5 11. 0-0 h5 12. Nf3 Qd5 13. h3 e4 14. Re1 0-0 15. Nh2 Bd6 16. Nc3 Qe5 17. Nf1 g5 18. d4 Qe6 19. Ne3 Kh8 20. Nc4 Bc7 21. f3 Bg3 22. Re3 Qf5 23. Nxe4 Nxe4 24. Rxe4 Bb7 25. Re2 c5 26. Be3 Rad8 27. Rd2 h4 28. dxc5 Rxd2 29. Qxd2 g4 30. Qd4+ Kg8 31. hxg4 Qxc2 1-0